| 000 | 00501nam a22001577a 4500 | ||
|---|---|---|---|
| 082 |
_a620.1074 _bFOW _cN-01,P-145 |
||
| 100 |
_aFowler, Bedford _940700 |
||
| 245 |
_aDynamics engineering mechanics _cBedford, Fowler |
||
| 260 |
_aRawalpindi _bMarshal Printing press |
||
| 300 |
_axv, 551p. ; _bill.; _c28cm. |
||
| 526 |
_a0 _b0 _c0 _d620_107400000000000_FOW |
||
| 526 |
_a0 _b0 _c0 _d620_107400000000000_FOW |
||
| 526 |
_a0 _b0 _c0 _d620_107400000000000_FOW |
||
| 650 |
_aNUST / MCE _926909 |
||
| 942 |
_2ddc _cBK |
||
| 999 |
_c544959 _d544959 |
||